Posso te contar um segredo? É legal compartilhar o brinquedo. (Record no. 15796)

MARC details
000 -LÍDER
campo de controle de tamanho fixo 00433 a2200157 4500
001 - NÚMERO DE CONTROLE
campo de controle 15796
020 ## - ISBN - INTERNATIONAL STANDARD BOOK NUMBER
ISBN - International Standard Book Number 9788592259730
040 ## - FONTE DA CATALOGAÇÃO
Instituição que transcreveu o registro Anchieta - Bela Vista
100 ## - ENTRADA PRINCIPAL--NOME PESSOAL
Nome pessoal Fernandes, Renata
240 10 - TÍTULO UNIFORME
Título uniforme Posso te contar um segredo? É legal compartilhar o brinquedo.
Idioma da obra por
245 10 - TÍTULO
Título Posso te contar um segredo? É legal compartilhar o brinquedo.
300 ## - DESCRIÇÃO FÍSICA
Extensão 28
362 0# - DATAS DE PUBLICAÇÃO E/OU DESIGNAÇÃO SEQUENCIAL
Datas de publicação e/ou designação sequencial 2018
650 #4 - ASSUNTO--TERMO TÓPICO
Cabeçalho tópico ou nome geográfico Literatura infantil
942 ## - ELEMENTOS DE ENTRADA ADICIONADOS (KOHA)
Tipo de material Koha Livros
Holdings
Situação do descarte Situação das perdas Situação física Não pode ser emprestado Biblioteca de origem Biblioteca atual Data de aquisição Total de empréstimos Número de chamada completo Código de barras Data de último acesso Data do preço efetivo Tipo de material Koha Fonte da classificação ou esquema de arquivamento na estante Número do exemplar
        Colégio Anchieta - Bela Vista Colégio Anchieta - Bela Vista 21/11/2023   LI 028.5 F363p FER POS 707/BEL 21/11/2023 21/11/2023 Livros    
        Colégio São Paulo Colégio São Paulo 22/11/2023   LI 028.5 F363p 7747/CSP 22/11/2023 22/11/2023 Livros    
        Portinari - Salvador Portinari - Salvador 10/07/2024   028.5 F363p 38/CCP 10/07/2024 10/07/2024 Livros   Ex. 1